000 00593nam a22001697a 4500
003 AUA.1
005 20251015094955.0
008 220421b ||||| |||| 00| 0 eng d
040 _cJTL
100 _aHakim, Yakubu Ishmael
245 _aDevelopment of a chaplaincy ministry that impacts wholistic healthcare in Tamale Adventist Hospital, Ghana /
_cYakubu Ishmael Hakim.
260 _c2021.
300 _axiii, 115 leaves :
_bill. ;
_c28 cm.
650 _aChaplains, Hospital
650 _aTamale Adventist Hospital, Ghana
_xChaplains
942 _2aua
_cPROJECT
_hMChap
_i.H35 2021
999 _c23447
_d23447